000 00432nam a22001697a 4500
008 171004b xxu||||| |||| 00| | tur d
020 _a9789753426428
041 _atur
050 _aPL234.A64
100 _aAruoba, Oruç
_9380
245 _aMeşe Fısıltıları
250 _a1. Basım 2007
260 _aİstanbul
_bMetis Yayınları
_cAralık 2007
300 _a83 Sayfa
650 0 _9145
_aTürk Edebiyatı
942 _2lcc
_cBK
999 _c1332
_d1309